Online Catalogue and eLibrary

Sri Lanka a lost revolution : (Record no. 2389)

MARC details
000 -LEADER
fixed length control field 00248nam a2200097Ia 4500
008 - FIXED-LENGTH DATA ELEMENTS--GENERAL INFORMATION
fixed length control field 240331s9999 xx 000 0 und d
082 ## - DDC Classification
Item Number - Author Mark GUN
100 ## - MAIN ENTRY--PERSONAL NAME
Personal name Gunaratna, R
245 #0 - TITLE STATEMENT
Title Sri Lanka a lost revolution :
Remainder of title the inside story of the JVP
942 ## - Koha item type (Biblio)
Koha item type Books in Stacks (Lending)

No items available.

© WERC Library